| 000 | 00341nam a22001217a 4500 | ||
|---|---|---|---|
| 999 |
_c4880 _d4880 |
||
| 008 | 250421b ||||| |||| 00| 0 eng d | ||
| 020 | _a9780140562880 | ||
| 082 | _a813.54 LES | ||
| 100 |
_aLESTER,JULIUS _eAUTHOR |
||
| 245 | _aSAM AND THE TIGERS | ||
| 260 |
_a345 HUDSON STREET,NEW YORK,NEW YORK,10014,U.S.A. _bPUFFIN BOOKS _c1996 |
||
| 942 | _2ddc | ||